000 00573nam a22001577a 4500
003 macl
005 20191114133539.0
008 191114b xxu||||| |||| 00| 0 eng d
040 _cmacl
082 _a900
100 _aझा, अजनी कुमार
_951210
245 _aमध्‍यभारत के आदिवासी और स्‍वतंत्रता आदोलन
260 _aदिल्‍ली
_bसूचना और प्रसारण मंत्रालय
_c2014
650 _aइतिहास
_977101
942 _2ddc
_cHIN
999 _c61284
_d61284